ما انفرد به أبو عمرو بن العلاء من القراءات : دراسة لغوية تحليلية /
Saved in:
| Main Author: | |
|---|---|
| Other Authors: | |
| Format: | Thesis |
| Language: | Arabic |
| Published: |
al-Karak :
Jami'ah Mu'tah,
2002
|
| Subjects: | |
| Tags: |
Add Tag
No Tags, Be the first to tag this record!
|
| LEADER | 015470000a22003010004500 | ||
|---|---|---|---|
| 008 | 131203s2002 jo f 000 0 ara d | ||
| 040 | |a UIAM |b eng | ||
| 041 | |a ara | ||
| 050 | 0 | |a BP131.5 | |
| 100 | 1 | |a نجادات، نايف محمد سليمان | |
| 242 | 1 | 0 | |a Ma infarada bihi Abu 'Amru ibn al-'Ala' min al-qira'at : |b dirasah lughawiyah tahliliyah |
| 245 | 1 | 0 | |a ما انفرد به أبو عمرو بن العلاء من القراءات : |b دراسة لغوية تحليلية / |c نايف محمد سليمان النجادات |
| 260 | |a al-Karak : |b Jami'ah Mu'tah, |c 2002 | ||
| 300 | |a xiv, 164 leaves ; |c 30 cm. | ||
| 500 | |a "قدمت هذه الرسالة إستكمالا لمتطلبات درجة الماجستير في تخصص الدراسات اللغوية في جامعة مؤتة" --On t.p. | ||
| 500 | |a Abstract in English and Arabic. | ||
| 502 | |a Thesis (M.A.)--Jami'at Mu'tah, 2002. | ||
| 504 | |a Includes bibliographical references (leaves 146-155). | ||
| 596 | |a 1 | ||
| 600 | 0 | 0 | |a Abu 'Amr ibn al-'Ala, |d 689 or 90 -770 or 71 |
| 630 | 0 | 0 | |a Qur'an |x Readings |
| 655 | |a Theses, Facsimile edition (Islamic) | ||
| 700 | 1 | |a Najadat, Nayif Muhammad Sulayman | |
| 710 | 2 | |a جامعة مؤتة. |b عمادة الدراسات العليا | |
| 710 | 2 | |a Jami'at Mu'tah. |b 'Imadat al-Dirasat al-'Ulya | |
| 900 | |a arf-sar-naw | ||
| 999 | |c 435169 |d 465364 | ||
| 952 | |0 0 |6 TI BP 000131.5 N162M 2002 |7 0 |8 THESES |9 754766 |a IIUM |b IIUM |c MULTIMEDIA |g 290.00 |o ti BP 131.5 N162M 2002 |p 00011265818 |r 2017-10-23 |t 1 |v 290.00 |y THESIS | ||
